000
00333 a2200157 4500
001
57251
020
_a
8508097638
040
_c
Anchieta - Pituba
100
_a
Cadier, Florence
240
1
0
_a
Entre duas casas
_l
por
245
1
0
_a
Entre duas casas
300
_a
103
362
0
_a
2005
650
4
_a
Literatura juvenil
942
_c
BK
999
_c
57251
_d
57251